000 00939nam a2200313Ia 4500
001 Para_9147
003 CHAP
008 220125s2004 xx 000 0 und d
010 _a207880
040 _cCHAP
082 _aPA 583.46 Z5y
100 _aZitter, Thomas A.
_9124085
245 _aPlagas y enfermedades de las cucurbitáceas /
_c por Thomas A. Zitter, Donald L. Hopkins and Claude E. Tomas
260 _aMadrid :
_b Mundi Prensa
300 _a87 p.
650 _aCucurbitaceas
_x enférmedades
_930000
650 _aFitopatología
_941161
650 _aHongos fitopatógenos
_956132
700 _aHopkins, Donal L.
_9164767
700 _aThomas, Claude E.
_9112816
710 _aAmerican Phytopathological Society
_95265
901 _aPA 583.46 Z5Y
902 _aM
905 _a0000002004 a 0000000000spa00
910 _a2004
942 _cPARA
942 _cPARA
_d1
999 _c207880
_d207880